Budeme preferovat dividendy?

Sprivatizované akciové spoločnosti v ČR, ich akcionári a valné zhromaždenia. Stratégia financovania z vlastných zdrojov, stratégia maximalizácie dividend a zmiešané stratégie. Stabilita dividend, mimoriadne dividendy a dividendové akcie. Výkup vlastných akcií. Zmeny vlastníctva a kontroly spoločnost...

Celý popis

Uložené v:
Podrobná bibliografia
Hlavný autor: Klusoň, Václav
Médium: Kapitola
Jazyk:Czech
Predmet:
Tagy: Pridať tag
Žiadne tagy, Buďte prvý, kto otaguje tento záznam!

MARC

LEADER 00000naa a2200000 4500
001 r013339
005 20221205075910.0
041 0 |a cze 
044 |a SK 
245 1 0 |a Budeme preferovat dividendy?  |c Václav Klusoň 
520 |a Sprivatizované akciové spoločnosti v ČR, ich akcionári a valné zhromaždenia. Stratégia financovania z vlastných zdrojov, stratégia maximalizácie dividend a zmiešané stratégie. Stabilita dividend, mimoriadne dividendy a dividendové akcie. Výkup vlastných akcií. Zmeny vlastníctva a kontroly spoločnosti. 
610 2 0 |a dividendy 
610 2 0 |a spoločnosti akciové 
610 2 0 |a Čechy 
610 2 0 |a stratégia hospodárska 
610 2 0 |a akcie 
100 1 |a Klusoň, Václav